[Event "Summer Cup"]
[Site "Wellington Chess Club"]
[Date "2013.04.04"]
[Round "7"]
[White "Roberts, Michael"]
[Black "Sellen, Ian"]
[Result "0-1"]
[WhiteElo "1839"]
[BlackElo "2033"]

1. e4 e6 2. d4 d5 3. Nc3 Bb4 4. e5 c5 5. Nf3 Bd7 6. a3 Ba5 7. Bd2 cxd4 8. Nxd4
Nc6 9. Ndb5 Nxe5 10. Nd6+ Kf8 11. Nxb7 Qc7 12. Nxa5 Qxa5 13. Ne4 Qb6 14. Bb4+
Ne7 15. Nc5 a5 16. Nxd7+ Nxd7 17. Bc3 e5 18. Bd3 d4 19. Bd2 Nc5 20. Bc4 Qc6 21.
O-O Ne4 22. Qh5 Qxc4 0-1

[Event "Summer Cup"]
[Site "Wellington Chess Club"]
[Date "2013.04.04"]
[Round "7"]
[White "Shierlaw, Hamish"]
[Black "Rossiter, Philip"]
[Result "1/2-1/2"]
[WhiteElo "1618"]
[BlackElo "1820"]

1. e4 e6 2. d4 d5 3. Nd2 c5 4. exd5 exd5 5. Ngf3 Nc6 6. Bb5 Bd6 7. dxc5 Bxc5 8.
Nb3 Bb6 9. O-O Ne7 10. Qe2 O-O 11. Be3 Bg4 12. h3 Bh5 13. Bxb6 Qxb6 14. Qd3 Bg6
15. Qe2 Rfe8 16. Bxc6 bxc6 17. Qd2 Nf5 18. Rfe1 Nd6 19. Rxe8+ Rxe8 20. Re1 Qd8
21. Rxe8+ Qxe8 22. Nh4 Nc4 23. Qc3 f6 24. Nxg6 Qxg6 25. Nd2 Nxd2 26. Qxd2 Kf7
27. Qc3 Qg5 28. Qxc6 Qc1+ 29. Kh2 Qf4+ 30. Kg1 Qc1+ 31. Kh2 1/2-1/2

[Event "Summer Cup"]
[Site "Wellington Chess Club"]
[Date "2013.04.04"]
[Round "7"]
[White "Stoeveken, Peter"]
[Black "Brockway, Andrew"]
[Result "1-0"]
[WhiteElo "1898"]
[BlackElo "1836"]

1. d4 Nf6 2. Bg5 e6 3. e4 Be7 4. Nc3 d5 5. e5 Nfd7 6. Bxe7 Qxe7 7. Qg4 O-O 8.
Bd3 c5 9. Nf3 f5 10. Qh3 cxd4 11. Nb5 Nc5 12. Nfxd4 Nc6 13. f4 Nxd4 14. Nxd4
Bd7 15. O-O-O Rac8 16. g4 Nxd3+ 17. Rxd3 Qb4 18. Kb1 Rc4 19. c3 Qb6 20. Rg1 g6
21. Rdg3 Rf7 22. Qh6 Qc7 23. gxf5 Rxf5 24. Nxf5 Be8 25. Nd6 Bf7 26. Nxc4 Qxc4
27. h4 Qe4+ 28. Ka1 d4 29. cxd4 Qxd4 30. Qg5 a5 31. h5 a4 32. a3 b5 33. Qf6 Qe4
34. h6 1-0

[Event "Summer Cup"]
[Site "Wellington Chess Club"]
[Date "2013.04.04"]
[Round "7"]
[White "Wastney, Scott"]
[Black "Stone, Andrew"]
[Result "1-0"]
[WhiteElo "2381"]
[BlackElo "2027"]

1. e4 c6 2. d4 d5 3. Nd2 dxe4 4. Nxe4 Nf6 5. Nxf6+ gxf6 6. Nf3 Bg4 7. Be2 Qc7
8. Nh4 Bxe2 9. Qxe2 Nd7 10. O-O O-O-O 11. g3 e6 12. c4 Rg8 13. d5 Bc5 14. Be3
Rde8 15. Bxc5 Nxc5 16. Qe3 Qb6 17. dxc6 Qxc6 18. b4 Nd7 19. Nf3 Kb8 20. c5 Rg4
21. Rfd1 {#Diagram Black to play and lose} 21... Rxb4 $2 {At first sight this
looks completely sensible} 22. Qd2 $1 {I think queens get far too little
respect as forking pieces. Sure knights are specialists but queens are no
slouches. The game is now effectively over.} 22... Qxf3 23. Qxb4 Ne5 24. Rab1
Qc6 25. Rd6 Nf3+ 26. Kh1 Qc7 27. Qb5 Re7 28. Rbd1 1-0

[Event "Summer Cup"]
[Site "Wellington Chess Club"]
[Date "2013.04.04"]
[Round "7"]
[White "Whittle, Jonathon"]
[Black "Veldhuizen, Matt"]
[Result "1-0"]
[WhiteElo "1649"]
[BlackElo "1576"]

1. Nf3 f5 2. g3 Nf6 3. Bg2 g6 4. d4 d6 5. b4 c6 6. c4 Bg7 7. Bb2 O-O 8. O-O Qe8
9. Qb3 Nbd7 10. Ng5 e5 11. c5+ d5 12. dxe5 Nxe5 13. Nc3 Ne4 14. Ngxe4 fxe4 15.
Nxe4 Be6 16. Nd6 Qd7 17. Rad1 Qe7 18. a4 b6 19. f4 Nd7 20. Bxg7 Kxg7 21. Qc3+
Kg8 22. e4 bxc5 23. bxc5 Nf6 24. exd5 Bxd5 25. Rfe1 Qg7 26. Qe5 Rab8 27. f5
Bxg2 28. Kxg2 Nd5 29. Qe6+ Kh8 30. fxg6 hxg6 31. Re4 Rb2+ 32. Kh3 Rb4 33. Rdd4
Rxd4 34. Rxd4 Qxd4 35. Qxg6 {#Diagram This is a real shame. Matt Veldhuizen has
just been gifted a rook. It's hard to see any compensation for White after a
sensible move like ...Qg7} 35... Nf4+ $2 {Oh dear, now this would be a great
move, forking king and queen, except...} 36. gxf4 {...for the fact that White
can just take it.} 36... Qe3+ 37. Qg3 ( {Maybe the idea was} 37. Kg2 Rg8
{winning the queen but then} 38. Nf7# {mate winning the king would have been a
little bit embarrassing} ) 37... Qe6+ 38. Qg4 Qh6+ 39. Kg3 {Okay, so maybe the
queen winning thing is now on again?} 39... Rg8 $4 40. Nf7+ {Nope. This is not
mate this time but, Houdini suggests it is +26.94 pawns or something which in
practice is pretty much just as good as mate!} 40... Kh7 41. Qxg8+ Kxg8 42.
Nxh6+ 1-0

[Event "Summer Cup"]
[Site "Wellington Chess Club"]
[Date "2013.04.04"]
[Round "7"]
[White "Wight, Joshua"]
[Black "Sknar, Andrew"]
[Result "1-0"]
[WhiteElo "1410"]
[BlackElo "963"]

1. e4 e5 2. Nf3 Nc6 3. Bb5 a6 4. Bxc6 dxc6 5. Nc3 Nf6 6. O-O Be6 7. d3 Be7 8.
Nxe5 O-O 9. h3 Qd4 10. Nf3 Qb4 11. a3 Qc5 12. Be3 Qd6 13. Qd2 Rad8 14. Bf4 Qd7
15. Rad1 h6 16. Rfe1 b5 17. b4 g5 18. Be5 Rfe8 19. Qe3 Nh7 20. Qa7 Bf6 {Next
move doesn't make sense. White won} 1-0

[Event "Summer Cup"]
[Site "Wellington Chess Club"]
[Date "2013.04.11"]
[Round "8"]
[White "Brockway, Andrew"]
[Black "Timergazi, Irek"]
[Result "1-0"]
[WhiteElo "1789"]
[BlackElo "1425"]

1. e4 c6 2. d4 d5 3. exd5 Qxd5 4. c4 Qd8 5. Nf3 Bf5 6. Nc3 e6 7. Be2 Nf6 8. Bg5
Be7 9. O-O h6 10. Bh4 g5 11. Bg3 Nbd7 12. Ne5 h5 13. Nxd7 Qxd7 14. Be5 h4 15.
d5 Rh6 16. dxc6 Qxc6 17. Qa4 Be4 18. Qxc6+ Bxc6 19. Rad1 Nd7 20. Bd4 e5 21. Be3
f5 22. Nd5 Bxd5 23. Rxd5 f4 24. Bc1 Nf6 25. Rxe5 Nd7 26. Rd5 Re6 27. Bg4 Rd6
28. Rxd6 Bxd6 29. Rd1 Ke7 30. Bxd7 Kxd7 31. c5 1-0

[Event "Summer Cup"]
[Site "Wellington Chess Club"]
[Date "2013.04.11"]
[Round "8"]
[White "Jackson, Ross"]
[Black "Nijman, Brian"]
[Result "1/2-1/2"]
[WhiteElo "1996"]
[BlackElo "2153"]

{Notes by Brian Nijman} 1. d4 e6 2. Nf3 f5 3. c4 Bb4+ 4. Nc3 Nf6 5. Qc2 O-O 6.
a3 Bxc3+ 7. Qxc3 a5 8. b3 d6 (8... b6) 9. Bb2 Nbd7 10. g3 b5 11. Bg2 (11. cxb5
Nb6) 11... Nb6 12. c5 Nbd5 13. Qc2 Ba6 14. O-O b4 15. Rfe1 bxa3 (15... Qd7 {=}
) 16. Bxa3 Bb7 $6 17. Qb2 (17. Ng5 Re8 18. e4 fxe4 19. Nxe4) 17... Nb4 18. Rac1
Be4 19. Bf1 Qe8 20. Nd2 Qh5 21. f3 {#Diagram} Bd5 22. Bg2 f4 23. Nf1 g5 24. Qd2 g4 25. Rc3
dxc5 $6 (25... Qg6 $10) 26. Rxc5 fxg3 27. Nxg3 Qh4 28. e4 $16 Bb7 (28... Bxb3
29. f4 $16) 29. Qg5+ Qxg5 30. Rxg5+ Kh8 31. Bxb4 (31. fxg4 {is better} ) 31...
axb4 32. Rb5 Ba6 33. Rxb4 gxf3 34. Bxf3 Rad8 $6 (34... Nd7 $14) 35. Kg2 c5 $6
36. Rb6 (36. Ra4 $16) 36... Bc8 37. dxc5 Nd7 38. Rd6 $6 (38. Rb5 Ne5 $14) 38...
Nxc5 39. Rxd8 Rxd8 40. Rd1 Rf8 41. b4 Nd7 42. b5 Ne5 43. Be2 Bb7 44. Rd6 Rf6 $4
(44... Bc8 $16) 45. b6 $2 (45. Rd8+ Kg7 46. Nh5+ $18) 45... Kg8 46. Rd8+ Rf8
47. Rxf8+ $2 (47. Rd2 Rc8 $14 { [the wrong coloured [h-file] corner for the
White bishop, and the possibility of Black drawing with K + B vs K + R + h-pawn
make this a tricky ending to win if White can't push his b-pawn through]} )
47... Kxf8 48. Kf2 Nd7 49. Bc4 Ke7 50. Bd3 {[draw agreed]} 1/2-1/2

[Event "Summer Cup"]
[Site "Wellington Chess Club"]
[Date "2013.04.11"]
[Round "8"]
[White "List, Robert"]
[Black "Heaton, Ken"]
[Result "1/2-1/2"]
[WhiteElo "1626"]
[BlackElo "1653"]

1. e4 e6 2. d4 d5 3. e5 c5 4. c3 Nc6 5. Nf3 Qb6 6. Bd3 Bd7 7. O-O cxd4 8. cxd4
Nxd4 9. Nbd2 Bc5 10. Nxd4 Bxd4 11. Nf3 Bc5 12. Ng5 Bb5 13. Bxb5+ Qxb5 14. b4
Bb6 15. Bd2 Ne7 16. a4 Qd7 17. a5 Bc7 18. f4 h6 19. Qh5 Ng6 20. Nf3 O-O 21. g4
Qe8 22. g5 Bd8 23. gxh6 f5 24. hxg7 Kxg7 25. Qh3 Rh8 26. Qg2 Kf7 27. Kh1 Nh4
28. Ng5+ Bxg5 29. Qxg5 Qe7 30. Qxe7+ Kxe7 31. Be3 Rhg8 32. Rf2 a6 33. Bc5+ Kd7
34. Rg1 Kc6 35. Rc1 Kd7 36. Rg1 Kc6 37. Rc1 Kd7 1/2-1/2

[Event "Summer Cup"]
[Site "Wellington Chess Club"]
[Date "2013.04.11"]
[Round "8"]
[White "Rossiter, Philip"]
[Black "Whittle, Jonathon"]
[Result "1-0"]
[WhiteElo "1820"]
[BlackElo "1649"]

1. Nf3 g6 2. c4 Bg7 3. Nc3 d6 4. d4 a6 5. e4 Bg4 6. Be3 Nc6 7. Be2 e5 8. d5
Bxf3 9. Bxf3 Nd4 10. Qd2 c5 11. dxc6 bxc6 12. Be2 Ne7 13. O-O h6 14. Rad1 f5
15. f4 fxe4 16. Nxe4 Nef5 17. Bf2 O-O 18. Bg4 Qc7 19. Bxf5 Rxf5 20. fxe5 dxe5
21. Bxd4 Rxf1+ 22. Rxf1 exd4 {After a manoeuvring, strategic start, the rest of
the game is dominated by tactical opportunities} 23. Nf6+ Kh8 24. Qd3 Qf7
{#Diagram} 25. Ng4 (25. Nh5 $1 Qe8 26. Nxg7 Kxg7 27. Qxd4+ {with a big
advantage for white} ) 25... Qe6 26. Nf2 Kh7 27. Ne4 Re8 28. Re1 Qf5 29. Re2
Re6 $2 30. b4 $2 ( {once} 30. Ng5+ $1 hxg5 31. Qxf5 gxf5 32. Rxe6) 30... Qf7 $2
31. c5 $2 ( {twice} 31. Ng5+ $1 hxg5 32. Qh3+ Kg8 33. Qxe6) 31... Qe7 $2 32. a3
$2 ( {three times } 32. Ng5+ $1) 32... Kh8 $1 33. Kf1 Re5 34. Kg1 Qe6 35. Qf3
Qf5 36. Qd3 Qf4 37. g3 Qf5 38. Kg2 h5 {#Diagram} 39. Kg1 (39. Qxd4 {is okay
now} ) 39... h4 40. Qxd4 $2 {But not now} 40... h3 (40... Rd5 $1 {Wins on the
spot} ) 41. Qd8+ Bf8 42. Qh4+ (42. Rf2 $1 {wins for white now} ) 42... Kg7 43.
Qf4 Qe6 {#Diagram} 44. Ng5 $1 {Finally the telling blow} 44... Qd5 45. Qxe5+
Qxe5 46. Rxe5 Kf6 47. Re6+ 1-0

[Event "Summer Cup"]
[Site "Wellington Chess Club"]
[Date "2013.04.11"]
[Round "8"]
[White "Sellen, Ian"]
[Black "Ker, Anthony"]
[Result "1-0"]
[WhiteElo "2033"]
[BlackElo "2452"]

1. d4 d6 2. e4 Nf6 3. Nc3 g6 4. f4 Bg7 5. Nf3 c5 6. Bb5+ Bd7 7. e5 Ng4 8. e6
Bxb5 9. exf7+ Kd7 {Ian: Rybka prefers ...Kf8 (Bill: Houdini does too, Kd7 is
the traditional main move in this position, but several GMs have tried Kf8
recently - maybe they are just playing the comp move.  There's a chapter on
...Kf8 in the book "Dangerous Weapons - Pirc", I pointed it out to Anthony at
the Congress bookstall  and I remember thinking I hope he doesn't waste all my
prep in this line by using it against me)}  (9... Kf8) 10. Nxb5 Qa5+ 11. Nc3
cxd4 12. Nxd4 Bxd4 13. Qxd4 Nc6 14. Qc4 Qb6 15. Qe2 h5 16. h3 Nh6 17. Qd3
{#Diagram Bill: Varying from two recent Forster-Ker games, I played Bd2 and managed one
draw and one exciting loss. Ian seems intent on sacc'ing a whole rook! He
certainly makes it work.} 17... Nf5 18. Bd2 ( {Ian:} 18. Nd5 Qd4 19. Qb3 Qe4+
20. Kf2 Qd4+ 21. Be3 Nxe3 22. Qxb7+ Ke6 23. Nxe3 Qxf4+ 24. Ke2 {etc is rather
interesting, chances for both sides} ) 18... Nb4 19. Qe4 Ng3 20. Qxg6 Nxh1 21.
O-O-O Nf2 22. Re1 d5 23. Qf5+ e6 24. Qg6 Qc6 ( {Ian:} 24... e5 25. Qf5+ Qe6 26.
Qxe6+ Kxe6 27. Re2) 25. a3 Na6 {Bill: From here on in Ian is right on top
despite his rook minus. A brilliant win!} 26. f5 Nc5 27. fxe6+ Nxe6 28. Re5 d4
29. Nd5 Rac8 30. Nb4 Qb6 31. Nd5 Qd6 32. Nf6+ Kc6 33. Qf5 Ng7 34. Qf3+ Kc7 35.
Bf4 Kb8 36. Re4 Nxe4 37. Nxe4 Qxf4+ 38. Qxf4+ Ka8 39. Nd6 Rcd8 40. Qf6 1-0

[Event "Summer Cup"]
[Site "Wellington Chess Club"]
[Date "2013.04.11"]
[Round "8"]
[White "Sknar, Andrew"]
[Black "Sknar, Andrew"]
[Result "0-1"]
[WhiteElo "963"]
[BlackElo "1427"]

1. e4 e5 2. Nf3 Nc6 3. Nc3 Nf6 4. Bb5 Bc5 5. O-O Ng4 6. Bxc6 dxc6 7. h3 Nh6 8.
d3 {#Diagram Get ready for a surprising move} 8... Rg8 $6 {Presumably the
father knows how the son thinks} 9. Bxh6 $4 {No! Just don't do it! With this
move Rg8 makes sense. Without this move Rg8 makes no sense} 9... gxh6 10. Na4
Bxh3 $5 11. Nxc5 $4 (11. Kh2 $1 {Far from obvious, but the only good move} )
11... Bxg2 {Game over} 12. Re1 Bxf3+ 13. Kf1 Rg1+ $1 {A nice finishing touch,
ignoring the free queen} 14. Kxg1 Qg5+ 15. Kh2 Qg2# 0-1

[Event "Summer Cup"]
[Site "Wellington Chess Club"]
[Date "2013.04.11"]
[Round "8"]
[White "Stone, Andrew"]
[Black "Forster, Bill"]
[Result "1-0"]
[WhiteElo "2027"]
[BlackElo "2078"]

1. e4 d6 2. d4 Nf6 3. Nc3 c6 4. f4 Qa5 5. Bd3 e5 6. Nf3 Nbd7 7. O-O Be7 8. Kh1
O-O 9. Qe1 Nh5 $6 {A dubious defensive idea} 10. dxe5 dxe5 11. f5 Qc7 12. g4
Nf4 {#Diagram Only after playing this did I realise that my ...Qc7 doesn't prevent Nxe5!
winning a safe extra pawn} 13. g5 {Clearly Andrew is not a materialist} 13...
f6 14. Bc4+ Kh8 15. Qh4 b5 16. g6 h6 17. Bf7 Bc5 $2 {This is nonsense. For some
reason I was worried about Rg1 followed by Qxh6+ and g7+ but my basic
arithmetic is flawed - this only makes sense if black cannot recapture the new
queen after g7xRf8} 18. Ne2 $1 {I hadn't seen this idea, the knight is
obviously immune because Black must block the c1-h6 diagonal and prevent Bc1xh6
at all costs.} 18... Rxf7 {As Andrew pointed out after the game, it made more
sense to try to undo the previous mistake and put the bishop on d6 to try to
hold the f4 point as long as possible} 19. Nxf4 Nf8 20. gxf7 exf4 21. Bxf4 Qxf7
{Do I have survival chances an exchange down?} 22. b3 Bd7 23. Rad1 Re8 24. Bd6
Bb6 25. Qf4 Bc8 26. e5 c5 27. e6 Qb7 28. c4 Qc6 29. Bxf8 Rxf8 {According to Dr
Tarrasch two bishops are basically worth a rook and knight, so I have material
equality. Unfortunately Dr Tarrasch has been dead for 80 years or I could show
him this position as an ideal counterexample. I am of course completely dead.}
30. Qd6 Qxf3+ {Especially after this final grievous miscalculation}  (30...
Qxf3+ 31. Rxf3 Rd8 32. Qb8 (32. Qxd8+ Bxd8 33. Rxd8+ Kh7 34. Rxc8) 32... Rxd1+
{would leave me with two bishops fighting a queen, but after playing my move I
realised the variation above, leaving my opponent two rooks ahead was slightly
stronger!} ) 1-0

[Event "Summer Cup"]
[Site "Wellington Chess Club"]
[Date "2013.04.11"]
[Round "8"]
[White "Stracy, Don"]
[Black "Farrington, Lawrence"]
[Result "1-0"]
[WhiteElo "1763"]
[BlackElo "1730"]

1. e4 e6 2. d4 d5 3. Nd2 c5 4. exd5 exd5 5. Ngf3 Nc6 6. Bb5 Bd6 7. dxc5 Bxc5 8.
O-O Ne7 9. Nb3 Bd6 10. Re1 O-O 11. Bg5 Bg4 12. Bh4 f6 13. Bg3 Ne5 14. Be2 Qc7
15. Nxe5 Bxe2 16. Qxe2 fxe5 17. Bxe5 Rfe8 18. Bxd6 Qxd6 19. Qe6+ Qxe6 20. Rxe6
Kf7 21. Rae1 Rac8 22. Nd4 a6 23. f4 g6 24. Kf2 Rcd8 25. g4 h6 26. c3 Rd7 27. f5
Rg8 28. fxg6+ Nxg6 29. Kg3 Kg7 30. Rf1 Rf8 31. Rxf8 Nxf8 32. Nf5+ Kf7 33. Rxh6
Rd8 34. Rb6 Rd7 {#Diagram} 35. Rxb7 {Greed is good! Don's strategy in this game
seemed to be, keep gobbling pawns, it works out rather well.} 35... Ke6 36.
Rxd7 Nxd7 37. Kf4 Ne5 38. Nd4+ Kd6 39. Kf5 Nd3 40. b3 Nf2 41. h4 Ne4 42. g5
Nxc3 43. g6 Ke7 44. h5 Kf8 45. h6 Kg8 46. a4 Ne4 47. Ke5 a5 48. Nc6 Kh8 49.
Nxa5 Ng3 50. Nc6 Ne4 51. a5 Kg8 52. a6 Nc5 53. a7 Nd7+ 54. Kxd5 Nb6+ 55. Kd6
Na8 56. Ne7+ {#Diagram The ultimate vindication of the pawn gobbling plan} 1-0

[Event "Summer Cup"]
[Site "Wellington Chess Club"]
[Date "2013.04.11"]
[Round "8"]
[White "Timergazi, Layla"]
[Black "Roberts, Michael"]
[Result "1-0"]
[WhiteElo "1823"]
[BlackElo "1839"]

1. d4 Nf6 2. c4 g6 3. Nc3 d5 4. cxd5 Nxd5 5. e4 Nxc3 6. bxc3 Bg7 7. Be3 O-O 8.
Rc1 c5 9. Nf3 Nc6 10. d5 Na5 11. Bxc5 Qc7 12. Bb4 Bg4 13. c4 Rfd8 14. h3 Nc6
15. Bd2 Bxf3 16. Qxf3 Nd4 17. Qa3 e5 18. Bd3 Bf8 19. Qa4 Ne6 20. O-O Nc5 21.
Qc2 Rd6 22. f4 Ra6 23. fxe5 Nxd3 24. Qxd3 Rxa2 25. Bf4 Bc5+ 26. Kh1 Qa5 27. d6
Qd8 28. Qd5 b6 {#Diagram Typically, Mike Roberts resigns at the earliest possible point.
He obviously realised how devastating e6 or Bh6 would be at this point,
although I admit it took more than a glance from me} 1-0

[Event "Summer Cup"]
[Site "Wellington Chess Club"]
[Date "2013.04.11"]
[Round "8"]
[White "Wilkins, Mark"]
[Black "Pandey, Alok"]
[Result "0-1"]
[WhiteElo "1909"]
[BlackElo "1833"]

1. d4 Nf6 2. Bg5 d5 3. e3 c5 4. Bxf6 exf6 5. dxc5 Bxc5 6. Nd2 O-O 7. Ngf3 Nc6
8. Nb3 Bb6 9. c3 Re8 10. Be2 Qd6 11. Qc2 Bg4 12. Rd1 Qe6 13. Nbd4 Qc8 14. O-O
Ne5 15. h3 Bxh3 $6 {#Diagram This is brave but unsound} 16. gxh3 Nxf3+ 17. Bxf3 Qxh3 18.
Qf5 Qh6 19. Kg2 $2 {Loses the extra piece, leaving Black in front} 19... Re5 $1
20. Qh3 Rg5+ 21. Bg4 Qg6 22. f3 $2 (22. Kf3 {Is a typical computer resource, it
would limit the damage somewhat} ) 22... f5 {Now Black runs rampant} 23. Nxf5
Qxf5 24. Kf2 Qc2+ 25. Ke1 Bxe3 26. f4 Re8 0-1

[Event "Summer Cup"]
[Site "Wellington Chess Club"]
[Date "2013.04.12"]
[Round "8"]
[White "Van der Hoorn, Mark"]
[Black "Wastney, Scott"]
[Result "0-1"]
[WhiteElo "2165"]
[BlackElo "2381"]

1. d4 d5 2. Bf4 Nf6 3. e3 c5 4. c3 Nc6 5. Nd2 Bf5 6. Qb3 Qd7 7. Ngf3 c4 8. Qd1
e6 9. Nh4 b5 10. f3 Bg6 11. a4 b4 12. e4 Nh5 13. Be3 Be7 14. Nxg6 hxg6 15. Bf2
g5 16. g3 g6 17. Bg2 Kf8 18. O-O Kg7 19. f4 gxf4 20. g4 Nf6 21. e5 Nh7 22. h4
g5 23. Qf3 Rac8 24. a5 b3 25. Bg3 gxh4 26. Bxf4 Ng5 27. Qe3 Kg6 {#Diagram I Like the way
Black's king is an active actor in his own defence - very unusual in the
middlegame} 28. Bxg5 $2 {This is where Black really starts to get a grip on the
position} 28... Bxg5 29. Rf6+ {If White retreats the queen the black h pawn's
advance is annoying, nevertheless that was likely a better option than this
unsound sac} 29... Bxf6 30. exf6 Kxf6 31. Rf1+ Ke7 32. Qg5+ Ke8 33. Qg7 Rf8
{Necessary but also sufficient, as a mathematician might say} 34. Rf6 Qe7 35.
Nf3 Kd7 36. Ng5 Rg8 37. Qh6 Rh8 38. Qg7 Rcg8 39. Qxf7 Rxg5 {Ashes to ashes,
dust to dust} 0-1

[Event "Summer Cup"]
[Site "Wellington Chess Club"]
[Date "2013.04.12"]
[Round "8"]
[White "Veldhuizen, Matt"]
[Black "Cook, John"]
[Result "0-1"]
[WhiteElo "1576"]
[BlackElo "1646"]

1. c4 c5 2. g3 e5 3. Bg2 Nf6 4. Nc3 Be7 5. Nf3 Nc6 6. d3 h6 7. a3 O-O 8. O-O
Rb8 9. Rb1 b6 10. Bd2 Bb7 11. e4 d6 12. Re1 Bc8 13. Be3 Bg4 14. h3 Bh5 15. g4
Bg6 16. Qd2 Nd4 17. Bxd4 cxd4 18. Nd5 Nxd5 19. cxd5 h5 20. g5 f6 21. gxf6 Bxf6
22. Rbc1 Qd7 23. Rc6 Qe7 24. Qb4 Rfd8 25. Rec1 a5 26. Qd2 Be8 27. Rc7 Rd7 28.
Qc2 Rbd8 29. Qc6 b5 30. Qb7 a4 31. Rxd7 Bxd7 32. Rc7 Qe8 33. Qb6 Be7 34. Qa5
Rc8 35. Qa7 Rxc7 36. Qxc7 Qc8 37. Qxc8+ Bxc8 38. Nd2 Bg5 39. Nb1 Bc1 40. Bf3
Bxb2 41. Bxh5 Bxa3 42. Nxa3 b4 43. Nc4 a3 44. Na5 a2 45. Nb3 Ba6 46. Be2 Bb5
47. Kf1 Ba4 48. Na1 b3 0-1

[Event "Autumn Cup"]
[Site "Wellington Chess Club"]
[Date "2013.05.09"]
[Round "1"]
[White "Farrington, Lawrence"]
[Black "Cook, John"]
[Result "1-0"]
[WhiteElo "1754"]
[BlackElo "1614"]

1. e4 c5 2. c3 Nc6 3. d4 cxd4 4. cxd4 e5 5. dxe5 Nxe5 6. Nc3 Bb4 7. Bd2 Nf6 8.
Nf3 d6 9. Bb5+ Bd7 10. Bxd7+ Qxd7 11. Qe2 O-O 12. O-O a6 13. Rac1 Rac8 14. a3
Ba5 15. Rfd1 Nc4 16. Bg5 Qe6 17. Bxf6 Qxf6 18. Nd4 Nxa3 $4 19. Nd5 Qh6 20. Ne7+
Kh8 21. Rxc8 Rxc8 22. Nxc8 Nb5 23. Nxb5 axb5 24. Nxd6 Bc7 25. Nxf7+ 1-0

[Event "Autumn Cup"]
[Site "Wellington Chess Club"]
[Date "2013.05.09"]
[Round "1"]
[White "Kay, Bruce"]
[Black "Brockway, Andrew"]
[Result "1/2-1/2"]
[WhiteElo "1820"]
[BlackElo "1836"]

1. d4 Nf6 2. c4 e6 3. Nc3 Bb4 4. a3 Bxc3+ 5. bxc3 O-O 6. f3 d6 7. e4 e5 8. Bd3
Nc6 9. Ne2 b6 10. O-O Bb7 11. Be3 Ne7 12. Ng3 Ng6 13. Nf5 Nh5 14. g3 Nf6 15. d5
Qd7 16. f4 Rfe8 17. Qf3 Ba6 18. Nh4 Nxh4 19. gxh4 Qg4+ 20. Qxg4 Nxg4 21. Bd2
exf4 22. Bxf4 {#Diagram} 22... Ne5 ( {Better to route this knight to the ideal
c5 square eg} 22... Nf6 23. Rfe1 Nd7 24. Bf1 f6 25. a4 Nc5) 23. Bxe5 Rxe5 24.
Rf4 Rae8 25. Raf1 f6 26. Kg2 Rc8 27. Kh1 Kh8 28. Rg1 Rce8 29. Rfg4 R8e7 30. Rf4
Bb7 31. Rc1 c6 32. Kg1 Rc7 33. Rd1 Ba6 34. Rdf1 c5 35. Kh1 Rce7 36. Kg1 1/2-1/2

[Event "Autumn Cup"]
[Site "Wellington Chess Club"]
[Date "2013.05.09"]
[Round "1"]
[White "Ker, Anthony"]
[Black "Van der Hoorn, Mark"]
[Result "1-0"]
[WhiteElo "2425"]
[BlackElo "2180"]

1. e4 d6 2. d4 Nf6 3. Nc3 g6 4. Bg5 Bg7 5. Qd2 Nbd7 6. Bh6 Bxh6 7. Qxh6 c5
{Don't send in email complaints. I haven't made a mistake this is Ker-van der
Hoorn not van der Hoorn-Ker} 8. Nf3 Qb6 9. O-O-O cxd4 10. Nxd4 Ne5 11. h3 Bd7
12. Qd2 Nc6 13. Nb3 Be6 14. g4 d5 15. exd5 Rd8 16. Bg2 Nb4 17. Qg5 {#Diagram}
17... Nfxd5 $1 {Defying the arithmetic that says you can't take something when
you attack it four times and it's defended four times} 18. Bxd5 Bxd5 19. Nxd5
Rxd5 20. Rxd5 Qc6 $1 {A skewer at the end is black's justification } 21. Rd8+
Kxd8 22. Rd1+ Kc8 23. Qd2 {Sadly despite his tactical wizardry, Black still
ends up with a bad position} 23... Na6 24. Qd4 Re8 25. Qxa7 e5 26. Na5 Qb5 27.
a4 Qb4 {#Diagram} 28. Nc6 $1 Qf4+ 29. Rd2 Re6 30. Qa8+ Kc7 31. Na5 $1
{Decisively threatening Qd8+ and Qxb7+} 31... Rd6 32. Qxb7+ Kd8 33. Nc6+ (33.
Nc6+ Ke8 34. Qe7#) 1-0

[Event "Autumn Cup"]
[Site "Wellington Chess Club"]
[Date "2013.05.09"]
[Round "1"]
[White "List, Robert"]
[Black "Veldhuizen, Matt"]
[Result "1-0"]
[WhiteElo "1665"]
[BlackElo "1556"]

1. e4 c6 2. d4 d5 3. e5 Bf5 4. c3 e6 5. Nf3 Nd7 6. Bd3 Bxd3 7. Qxd3 Ne7 8. O-O
Ng6 9. Re1 c5 10. h3 Qb6 11. Nbd2 cxd4 12. cxd4 Be7 13. Nb3 O-O 14. Be3 Rac8
15. Nh2 Qd8 16. Rac1 Nb6 17. Qb5 a6 18. Rxc8 Nxc8 19. Qxb7 Qb6 20. Qxb6 Nxb6
21. Nc5 Nc4 22. b4 Ra8 23. Nf3 Bd8 24. Nd2 Na3 25. Rc1 a5 26. bxa5 Bxa5 27.
Ncb3 Bb4 28. Rc7 Nb5 29. Rb7 Bxd2 30. Bxd2 Na3 31. g3 h6 32. h4 Nc4 33. Be3
Rxa2 34. Nc5 Ra8 35. Nd7 Kh7 36. Nc5 Nxe3 37. fxe3 {#Diagram} 37... Nh8 {In a
distant galaxy there is probably an alien civilisation that plays a game
similar to chess in which this would be a good move} 38. h5 g6 {The previous
comment applies here too.} 39. Nxe6 gxh5 40. Nf4 Ra5 41. Nxh5 Kg6 42. Nf4+ Kf5
43. Rb6 Ke4 44. Ng2 Ra8 45. Rxh6 Ng6 46. Nh4 Ne7 1-0